Dilthey and Universal Hermeneutics: The Status of the Human Sciences (Record no. 516089)
[ view plain ]
| 000 -CABECERA | |
|---|---|
| Campo de control de longitud fija | 00528nab a2200145Ia 4500 |
| 003 - IDENTIFICADOR DEL NÚMERO DE CONTROL | |
| Campo de control | ES-SlBCS |
| 005 - FECHA Y HORA DE LA ÚLTIMA TRANSACCIÓN | |
| Campo de control | 20210601124522.0 |
| 008 - CÓDIGOS DE INFORMACIÓN DE LONGITUD FIJA | |
| Campo de control de longitud fija | 140529s1985 xxu||||| |||| 00| 0 eng d |
| 041 ## - CÓDIGO DE LENGUA | |
| Código de lengua del texto/banda sonora o título independiente | eng |
| 100 1# - PUNTO DE ACCESO PRINCIPAL-NOMBRE DE PERSONA | |
| Nombre de persona | Makkreel, Rudolf A. |
| 9 (RLIN) | 50629 |
| 245 00 - MENCIÓN DE TÍTULO | |
| Título | Dilthey and Universal Hermeneutics: The Status of the Human Sciences |
| Mención de responsabilidad, etc. | Rudolf A. Makkreel |
| 600 1# - PUNTO DE ACCESO ADICIONAL DE MATERIA-NOMBRE DE PERSONA | |
| Nombre personal | Dilthey, Wilhelm-Hermenéutica |
| 9 (RLIN) | 143959 |
| 773 0# - ENLACE AL DOCUMENTO FUENTE | |
| Título | Jbsp (Journal of the British Society for Phenomenology, The) |
| Parte(s) relacionada(s) | vol. 16, nº. 3, 1985, págs. 236-249 |
| Número de control del registro relacionado | Rev1653 |
| 942 ## - ENTRADA DE ELEMENTOS AGREGADOS (KOHA) | |
| Koha [por defecto] tipo de item | Artículos de revista |
| Suprimido | Perdido | Estropeado | No para préstamo | Localización permanente | Localización actual | Localización en estantería | Fecha adquisición | Préstamos totales | Fecha última consulta | Fecha del precio de reemplazo | Tipo de item de Koha |
|---|---|---|---|---|---|---|---|---|---|---|---|
| San Esteban | San Esteban | Depósito de revistas | 11/07/2014 | 11/07/2014 | 11/07/2014 | Artículos de revista |
